000 00213 a2200085 4500
020 _a978-1032152080
100 _aDrew Spaniel
245 _aSecuring the Nation’s Critical Infrastructures
260 _bCRC Press
_c2022
999 _c13120
_d13120